000 01380nam a22002417a 4500
999 _c58702
_d58702
003 Ge_BSU
005 20220701105718.0
008 220701s2013 ge ||||| |||| 00| 0 geo d
020 _a9789941221361
041 _ageo
080 _a338.48(072)+796.5(072) ბ-70
100 _aბირიცკაია, ნატალია
_914267
245 _aტურისტული მარშრუტების მოდელირება :
_bსასწ.-მეთოდ. სახელმძღვ.
_c ნატალია ბირიცკაია, ნიკო კვარაცხელია, ნაზი ალხანაშვილი ; რედ. ვახტანგ სართანია.
264 _aთბ. :
_b უნივერსალი,
_c 2013.
300 _a232 გვ. :
_bცხრ., ნახ. ;
_c20 სმ.
501 _aდანართები: გვ. 207-231.
504 _aბიბლიოგრ. ტექსტ. შენიშვნ. და გვ. 204-206.
653 _aტურიზმის ეკონომიკა
700 _aკვარაცხელია, ნიკო
_eავტორი
_914268
700 _aალხანაშვილი, ნაზი
_eავტორი
_914269
700 _aსართანია, ვახტანგ
_eავტორი
_914270
942 _2udc
_cBK